000
00225nam a22000857a 4500
008
160905b xxu||||| |||| 00| 0 eng d
100
_9
300
_a
Misra R.R
245
_a
Secondary Chemistry-IX
260
_a
New Delhi
_b
APC publication
_c
2010
999
_c
2959
_d
2959